LIBRARY ONLINE CATALOGUE

The Act of marriage : (Record no. 3119)

MARC details
000 -LEADER
fixed length control field 00633cam a22002052 4500
001 - CONTROL NUMBER
control field 0000006386
005 - DATE AND TIME OF LATEST TRANSACTION
control field 20151217145832.0
008 - FIXED-LENGTH DATA ELEMENTS--GENERAL INFORMATION
fixed length control field 071025s xx 000 0 eng d
020 ## - INTERNATIONAL STANDARD BOOK NUMBER
International Standard Book Number 9966805656 :
Terms of availability KES 590
040 ## - CATALOGING SOURCE
Original cataloging agency KABU
Transcribing agency KABU
100 1# - MAIN ENTRY--PERSONAL NAME
Personal name LaHaye, Tim F.
-- 0000088074
245 14 - TITLE STATEMENT
Title The Act of marriage :
Remainder of title the beauty of sexual love /
Statement of responsibility, etc. Tim & Beverly LaHaye.
260 ## - PUBLICATION, DISTRIBUTION, ETC. (IMPRINT)
Place of publication, distribution, etc. Nairobi :
Name of publisher, distributor, etc. WordAlive,
Date of publication, distribution, etc. 2005.
300 ## - PHYSICAL DESCRIPTION
Extent 304 p.
650 #0 - SUBJECT ADDED ENTRY--TOPICAL TERM
Topical term or geographic name as entry element Sex
General subdivision Religious aspects
-- Christianity.
-- 0000149277
650 #0 - SUBJECT ADDED ENTRY--TOPICAL TERM
Topical term or geographic name as entry element Marriage.
-- 0000152876
908 ## - PUT COMMAND PARAMETER (RLIN)
Put command parameter 071025
950 ## - LOCAL HOLDINGS (RLIN)
-- 1
Holdings
Withdrawn status Lost status Source of classification or shelving scheme Not for loan Home library Current library Date acquired Total Checkouts Full call number Barcode Date last seen Price effective from Koha item type
    Library of Congress Classification   Kabarak, Main Campus Kabarak, Main Campus 17/12/2015   BT708 .L34 2005 010834 17/12/2015 17/12/2015 General Collection
    Library of Congress Classification   Kabarak, Main Campus Kabarak, Main Campus 17/12/2015   BT708 .L34 2005 010835 17/12/2015 17/12/2015 General Collection